• 首页
  • 本馆介绍
  • 公告通知
  • 最新文献
  • 馆藏检索
  • 电子资源
  • 读者导购
  • 参考咨询
  • 我的图书馆
  • 登录
  • 详细信息显示
  • 放入我的书架
  • 预约/预借图书
  • 作者相关作品
  • 分类相关作品
  • 丛书相关作品
  • 出版社相关作品

书目信息

  • 表格格式
  • 工作单格式
  • 卡片格式
题名:
博学精思 慎其所由
    
 
作者: 李建校 主编
分册:  
出版信息: 太原   山西教育出版社  2022.08
页数: 267页
开本: 24cm
丛书名: 曲阜师范大学文学院第三届研究生学术论坛优秀论文集
单 册:
中图分类: H1-53 , I206
科图分类:
主题词: 汉语--han yu--语言学--文集 , 中国文学--zhong guo wen xue--文学研究--文集
电子资源:
ISBN: 978-7-5703-2578-8
000 01239nam 2200301 450
001 CAL 012022017733
005 20230217093112.0
010    @a978-7-5703-2578-8@dCNY81.00
100    @a20220917d2022 em y0chiy0120 ea
101 0  @achi
102    @aCN@b140000
105    @ay a 000yy
106    @ar
200 1  @a博学精思 慎其所由@Abo xue jing si shen qi suo you@f主编李建校
210    @a太原@c山西教育出版社@d2022.08
215    @a267页@d24cm
225 2  @a曲阜师范大学文学院第三届研究生学术论坛优秀论文集@Aqu fu shi fan da xue wen xue yuan di san jie yan jiu sheng xue shu lun tan you xiu lun wen ji
320    @a有书目
330    @a本书主要内容包括: 《尚书》“休”字伦理美内涵探析、从人物“我”来分析《祝福》的深层意蕴、羽人形象背后的神仙思想流变、苏轼文学观念的整合性思维及其形成、谢小娥小说故事流变的遁世结局研究、论道具在《古今小说》叙事中的作用等。
410  0 @12001 @a曲阜师范大学文学院第三届研究生学术论坛优秀论文集
606 0  @a汉语@Ahan yu@x语言学@j文集
606 0  @a中国文学@Azhong guo wen xue@x文学研究@j文集
690    @aH1-53@v5
690    @aI206@v5
701  0 @a李建校@Ali jian xiao@4主编
801  0 @aCN@bBJXHZP@c20230228
905    @b1396396-9@dH1-53@e194@f4
998    @ebm_admin-2022.11.14 10:42:55
    
    博学精思 慎其所由/主编李建校.-太原:山西教育出版社,2022.08
    267页;24cm.-(曲阜师范大学文学院第三届研究生学术论坛优秀论文集)
    
    
    ISBN 978-7-5703-2578-8:CNY81.00
    本书主要内容包括: 《尚书》“休”字伦理美内涵探析、从人物“我”来分析《祝福》的深层意蕴、羽人形象背后的神仙思想流变、苏轼文学观念的整合性思维及其形成、谢小娥小说故事流变的遁世结局研究、论道具在《古今小说》叙事中的作用等。
●
相关链接 在E读中查询图书 在五车中查询图书 在当当中查询图书 在豆瓣中查询图书


正题名:博学精思 慎其所由     索取号:H1-53/194         预约/预借

序号 登录号 条形码 馆藏地/架位号 状态 备注
1 1396396   213963969   第二样本阅览室/ [索取号:H1-53/194] 在馆    
2 1396397   213963978   第四借阅区/ [索取号:H1-53/194] 在馆    
3 1396398   213963987   第四借阅区/ [索取号:H1-53/194] 在馆    
4 1396399   213963996   第四借阅区/ [索取号:H1-53/194] 在馆    
唐山师范学院图书馆 欢迎您!
大连网信软件有限公司© 版权所有